000 00291nam a22001337a 4500
008 170918b xxu||||| |||| 00| 0 eng d
020 _a0870703811
041 _aeng
080 _a77
100 _a44
101 _aART
245 _aTHE HISTORY OF PHOTOGRAPHY
_cNEWHALL,B
942 _2udc
_cBK
999 _c27865
_d27865